| 000 | 01353cam a2200133 4500500 | ||
|---|---|---|---|
| 005 | 20260405052321.0 | ||
| 041 | _afre | ||
| 042 | _adc | ||
| 100 | 1 | 0 |
_aMorvan, Alain _eauthor |
| 245 | 0 | 0 | _aMary Shelley et Frankenstein : itinéraires romanesques |
| 260 |
_bPresses Universitaires de France,
_c2005. |
||
| 520 | _a«Mary Shelley, sensible et imaginative, pose et recompose dans ses livres et dans ses histoires les épreuves de sa propre vie.» Ainsi est posé par Alain Morvan le cadre dela biographie de Mary Shelley, victime, elle et ses autres écrits, de l’immense succès de Frankenstein. L’un des buts de l’ouvrage, précise A. Morvan, est donc de compléter l’image de Mary Shelley écrivain, d’élargir la perception de son œuvre, de voir dans le célèbre conte autre chose qu’une simple histoire d’horreur, de comprendre la personnalité de la compagne du poète Percy Bysshe Shelley. Ses parents, eux-mêmes écrivains, ont eu une influence déterminante sur la formation de Mary Shelley,étant à la fois des modèles et des rivaux, d’autant que sa mère disparaît peu après sa naissance. Mary Shelley vit pour écrire, ses écrits ne sont pas que des pures fictions. | ||
| 856 | 4 | 1 | _uhttps://shs.cairn.info/mary-shelley-et-frankenstein-itineraires-romanesques--9782130535508?lang=fr&redirect-ssocas=7080 |
| 999 |
_c2184362 _d2184362 |
||